书目信息 |
| 题名: |
菇类美食三百种
|
|
| 作者: | 周范林 主编 | |
| 分册: | ||
| 出版信息: | 广州 广东经济出版社 2001 |
|
| 页数: | 246页 | |
| 开本: | 20cm | |
| 丛书名: | 个性美食系列 | |
| 单 册: | ||
| 中图分类: | TS972.123 | |
| 科图分类: | ||
| 主题词: | 食用菌类--菜谱 , 食用菌类 , 菜谱 | |
| 电子资源: | ||
| ISBN: | 7-80632-944-7 | |
| 000 | 01140nam0 2200349 450 | |
| 000 | 01105nam0 2200337 450 | |
| 000 | 01068nam0 2200325 450 | |
| 000 | 01018nam0 2200325 450 | |
| 000 | 00981nam0 2200313 450 | |
| 000 | 00914oam2 2200289 450 | |
| 001 | 0104000022 | |
| 005 | 20061016150902.27 | |
| 010 | @a7-80632-944-7@dCNY14.80 | |
| 100 | @a20051012d2001 em y0chiy0110 ea | |
| 101 | 0 | @achi |
| 102 | @aCN@b440000 | |
| 105 | @aa z 000yy | |
| 200 | 1 | @a菇类美食三百种@Agu lei mei shi san bai zhong@f周范林主编@Fzhou fan lin zhu bian |
| 210 | @a广州@c广东经济出版社@d2001 | |
| 215 | @a246页@c图@d20cm | |
| 225 | 2 | @a个性美食系列 |
| 330 | @a本书比较详细地介绍了食用菌中香菇和蘑菇两个主要品种的食用知识以及美食菜谱的制作方法,全书包括概述、冷菜、热菜和汤羹等四个部分。 | |
| 461 | 0 | @12001 @a个性美食系列 |
| 606 | 0 | @a食用菌类@x菜谱 |
| 606 | 0 | @a食用菌类 |
| 606 | 0 | @a菜谱 |
| 690 | @aTS972.123@v4 | |
| 701 | 0 | @a周范林@9zhou fan lin@4主编 |
| 801 | 0 | @aCN@b北京荣雅伟业图书经销中心@c20061016 |
| 905 | @aBZT@dTS972.123@e10 | |
| 906 | @dCNY14.80@n0@r1 | |
| 菇类美食三百种/周范林主编.-广州:广东经济出版社,2001 |
| 246页:图;20cm.-(个性美食系列) |
| ISBN 7-80632-944-7:CNY14.80 |
| 本书比较详细地介绍了食用菌中香菇和蘑菇两个主要品种的食用知识以及美食菜谱的制作方法,全书包括概述、冷菜、热菜和汤羹等四个部分。 |
| ● |
| 相关链接 |
|
|
|
正题名:菇类美食三百种
索取号:TS972.123/10
 
预约/预借
| 序号 | 登录号 | 条形码 | 馆藏地/架位号 | 状态 | 备注 |
| 1 | 502481 | 230073293 | 中心书库中库/ 中库024架A面4列4层34/ [索取号:TS972.123/10] | 在馆 | |
| 2 | 502482 | 230073294 | 中心书库中库/ 中库024架A面4列4层30/ [索取号:TS972.123/10] | 在馆 | |
| 3 | 502483 | 230073295 | 中心书库中库/ 中库024架A面4列4层31/ [索取号:TS972.123/10] | 在馆 | |
| 4 | 502484 | 230073296 | 中心书库中库/ 中库024架A面4列4层33/ [索取号:TS972.123/10] | 在馆 | |
| 5 | 502485 | 230073297 | 中心书库中库/ 中库024架A面4列4层32/ [索取号:TS972.123/10] | 在馆 |